| 000 | 00000nam 2200000zi 4500 |
| 001 | 9.946276 |
| 003 | CaOODSP |
| 005 | 20250121091740 |
| 006 | m o d f |
| 007 | cr cn||||||||| |
| 008 | 241218s1968 oncab|||ob f000 0 eng d |
| 040 | |aCaOODSP|beng|erda|cCaOODSP |
| 043 | |an-cn--- |
| 086 | 1 |aNR24-81/1968-1E-PDF |
| 245 | 00|aSupplement to the building code for the north / |cissued by the Associate Committee on the National Building Code of Canada, National Research Council. |
| 264 | 1|aOttawa, Canada : |bNational Research Council, Associate Committee on the National Building Code of Canada, |c[1968] |
| 300 | |a1 online resource (181 pages) : |billustrations, maps + |eerrata (1 page) |
| 336 | |atext|btxt|2rdacontent |
| 337 | |acomputer|bc|2rdamedia |
| 338 | |aonline resource|bcr|2rdacarrier |
| 500 | |aDigitized edition from print [produced by National Research Council of Canada]. |
| 500 | |a"NRC 13068." |
| 500 | |aSupplement to: Canada Building code for the North, 1968. |
| 504 | |aIncludes bibliographical references. |
| 650 | 0|aBuilding laws|zCanada. |
| 650 | 0|aBuilding|zCanada|xCold weather conditions. |
| 650 | 6|aConstruction|xDroit|zCanada|vCodes. |
| 650 | 6|aConstruction|zCanada|xConditions par temps froid. |
| 710 | 2 |aNational Research Council of Canada. |bAssociate Committee on the National Building Code, |eissuing body. |
| 856 | 40|qPDF|s9.66 MB|uhttps://publications.gc.ca/collections/collection_2024/cnrc-nrc/NR24-81-1968-1-eng.pdf|zBuilding code |
| 856 | 40|qPDF|s27 KB|uhttps://publications.gc.ca/collections/collection_2024/cnrc-nrc/NR24-81-1968-2-eng.pdf|zErrata |